Statistiques concernant Mégapoles sur une carte du monde

Cliquez ici pour prendre le quiz!

Statistiques générales

  • Ce quiz a été pris 14,726 fois
    (3,492 depuis la dernière actualisation)
  • Le résultat moyen est 24 sur 37

Statistiques - réponses

Population Pays Mégapole % Correct
11,4 milFranceParis
100%
22,1 milEtats-UnisNew York City
99%
14,8 milRoyaume-UniLondres
99%
23,0 milMexiqueMexico
98%
17,3 milRussieMoscou
97%
40,4 milJaponTokyo
97%
19,8 milChinePékin
95%
17,7 milEtats-UnisLos Angeles
95%
21,0 milÉgypteLe Caire
95%
13,2 milBrésilRio de Janeiro
92%
16,4 milTurquieIstamboul
88%
16,8 milArgentineBuenos Aires
85%
30,3 milIndeDelhi
84%
24,8 milCorée du SudSéoul
80%
33,6 milChineShanghai
79%
31,3 milIndonésieJakarta
79%
22,4 milBrésilSão Paulo
79%
25,1 milIndeBombay
77%
10,1 milPérouLima
76%
15,3 milIranTéhéran
69%
25,7 milPhilippinesManille
68%
13,9 milAfrique du SudJohannesburg
68%
18,8 milThaïlandeBangkok
66%
12,4 milRép. dém. du CongoKinshasa
58%
19,4 milNigeriaLagos
54%
17,7 milJaponOsaka
54%
16,8 milIndeCalcutta
53%
46,7 milChineCanton / Shenzhen
50%
20,2 milBangladeshDacca
45%
17,8 milPakistanKarachi
34%
13,0 milPakistanLahore
23%
12,2 milIndeBangalore
22%
11,3 milIndeChennai
21%
10,5 milJaponNagoya
19%
12,7 milChineTianjin
17%
10,2 milIndeHyderabad
15%
10,0 milChineXiamen
10%

Distribution des résultats

Percentile par nombre de réponses

% des personnes avec chaque résultat

Votre développement - résultats

Vous n’avez pas pris ce quiz depuis la dernière actualisation